logo

Bir Sreshtho Munshi Abdur Rouf Library
Jhenaidah Cadet College

বাংলায় ফারসি ভাষা সাহিত্য ও সংস্কৃতি বিকাশের ইতিহাস / (Record no. 11259)

MARC details
000 -LEADER
fixed length control field 00827nam a2200229 a 4500
001 - CONTROL NUMBER
JCCL Control Number 11259
003 - CONTROL NUMBER IDENTIFIER
JCCL marc code BD-JhCC
005 - DATE AND TIME OF LATEST TRANSACTION
control field 20190918094348.0
008 - FIXED-LENGTH DATA ELEMENTS--GENERAL INFORMATION
fixed length control field 190619b 2017bg |||| ||a| 001 0 ben d
020 ## - INTERNATIONAL STANDARD BOOK NUMBER
International Standard Book Number 9789849238225
035 ## - SYSTEM CONTROL NUMBER
system control number (BD-JhCC)11259
040 ## - CATALOGING SOURCE
Original cataloging agency BD-JhCC
Modifying agency BD-JhCC
041 ## - LANGUAGE CODE
Language code of Book ben
082 ## - DEWEY DECIMAL CLASSIFICATION NUMBER
Author mark and Year KHA 2017
DDC Edition number 23
Classification number 448.2421
100 ## - MAIN ENTRY--PERSONAL NAME
Personal name খান, আবদুস সবুর
245 ## - TITLE STATEMENT
Title বাংলায় ফারসি ভাষা সাহিত্য ও সংস্কৃতি বিকাশের ইতিহাস /
Statement of responsibility, etc আবদুস সবুর খান ।
260 ## - PUBLICATION, DISTRIBUTION, ETC. (IMPRINT)
Place of publication, distribution, etc ঢাকা:
Name of publisher, distributor, etc রোদেলা প্রকাশনী;
Date of publication, distribution, etc ২০১৭.
300 ## - PHYSICAL DESCRIPTION
Pagination ৩০৩ পৃ . :
Dimensions ২২ সেমি.
650 ## - SUBJECT ADDED ENTRY--TOPICAL TERM
Topical term or geographic name as entry element French language
942 ## - ADDED ENTRY ELEMENTS (KOHA)
Source of classification or shelving scheme Dewey Decimal Classification
Koha item type Books
Holdings
Source of classification or shelving scheme Damaged status Not for loan Home library Current library Shelving location Date of accession Cost, normal purchase price Total Checkouts Full call number Barcode Date last seen Copy number Koha item type
Dewey Decimal Classification     JCC Rouf Library JCC Rouf Library General Stacks 06/19/2019 280.00   448.2421 KHA 2017 15356 08/19/2019 C-1 Books

JCC Library | Contacts | JCC Home

Last Update on 23 September 2017
Copyright @ 2017-2020 JCC Rouf Library
Rouf Library, Jhenidah Cadet College (JCC), Bangladesh